00796nam a22002177a 450000500170000001000150001702000260003203500140005803700090007208200110008110000260009224500630011825000060018126000410018727000880022830000200031650000510033694200220038799900190040995201500042820250707123158.0 aENG-145712 a9789361593413c550.00 aEN-129244 bDBAD a00022 aSaumitra Mohan982667 aInternational Relations/cSaumitra Mohan [and] Chandan Jha a2 aNoidabPearson India Educationc2025 a15th Floor, Towe-B, World Trade Tower, Plot No.1, Block-C, Sector-16bNoidae201301 avpp.c25cm(pbk) aFor UPSC and State Civil Services Examinations 2ddccENh000mSAU c212142d212142 001040708NFICaLbLd2025-07-07eDelivery of Books Act Divisiong550.00l0o000 SAUpEN-129244r2025-07-07 00:00:00t1v550.00w2025-07-07yEN